Указ Президиума Верховного совета СССР "Об установлении ежегодного праздника “Дня артиллерии” Красной Армии"

RUSMARC
00004756cbm0a2200289#x 450
001aba49453-7641-4552-8337-7799f1c2570a
00520250410101749.0
100##$a20240409j19441021k###0rusy50 ca
1010#$arus
102##$aRU
1220#$ad19441021##
2001#$aУказ Президиума Верховного совета СССР "Об установлении ежегодного праздника “Дня артиллерии” Красной Армии"
$j21 октября 1944 г.
251##$cДокумент
300##$aПодлинник
461#0$12001
$aФ. Р-7523
$1251
$cФонд
$1852
$jР-7523
462#0$12001
$aОп. 4
$1251
$cОпись
$1852
$j4
462#0$12001
$aД. 239
$vЛ. 131
$1251
$cДело
$1852
$j239
60101$2nlr_sh1
$3RU\NLR\AUTH\661041613
$aСССР
$bВерховный Совет
$bПрезидиум
$jДокументы и материалы
605##$2prlib_sh
$3LIBNET\UAF\0000088514
$aВторая мировая война в архивных документах (Комплекс оцифрованных архивных документов, кино- и фотоматериалов)
$lколлекция
605##$aВооруженные силы России
$lколлекция
$2acquisition_Prlib
$3LIBNET\UAF\0000072769
6061#$2nlr_sh1
$3RU\NLR\AUTH\66515312
$aДень артиллерии
$z19 ноября
$jДокументы и материалы
607##$2nlr_sh
$3RU\NLR\AUTH\661372438
$aСССР
$xПолитика и управление
$z1941 – 1945
$jДокументы и материалы
686##$a63.3(2)622-33-8ю1
$vLBC/M
$2rubbk
801#0$aRU
$bПБ им. Б.Н. Ельцина
$c20240409
801#1$aRU
$bПБ им. Б.Н. Ельцина
$c20240409
$2rusmarc
801#2$aRU
$bПБ им. Б.Н. Ельцина
$c20240409
$2rusmarc
850##$aГосударственный архив Российской Федерации
852##$aГА РФ
$jЛ. 131
035##$aLIBNET\0001392774
937##$d191701146
$hФедеральное архивное агентство
8564#$uhttp://readingroom.main.prlib.ru/item.aspx?id_node=n191701146&mode=full
Формат отображения